The fundamentals of tawheed (Islamic Monotheism) / (Record no. 11044)
[ view plain ]
| 000 -LEADER | |
|---|---|
| fixed length control field | 00552nam a22001577a 4500 |
| 008 - FIXED-LENGTH DATA ELEMENTS--GENERAL INFORMATION | |
| fixed length control field | 160202b xxu||||| |||| 00| 0 eng d |
| 050 ## - LIBRARY OF CONGRESS CALL NUMBER | |
| Classification number | AFR BP 166.2 .P47 1990 |
| 100 ## - MAIN ENTRY--PERSONAL NAME | |
| Personal name | Phillip Bilal ameenah Abu |
| 245 ## - TITLE STATEMENT | |
| Title | The fundamentals of tawheed (Islamic Monotheism) / |
| Statement of responsibility, etc. | Phillip Bilal ameenah Abu |
| 260 ## - PUBLICATION, DISTRIBUTION, ETC. (IMPRINT) | |
| Place of publication, distribution, etc. | Saudi Arabia: |
| Name of publisher, distributor, etc. | Tawheed Publishers; |
| Date of publication, distribution, etc. | 1990 |
| 300 ## - PHYSICAL DESCRIPTION | |
| Extent | Vii, 213p. : |
| Dimensions | 21cm |
| 500 ## - GENERAL NOTE | |
| General note | Include Bibliographies |
| 650 ## - SUBJECT ADDED ENTRY--TOPICAL TERM | |
| Topical term or geographic name as entry element | Islamic |
| 650 ## - SUBJECT ADDED ENTRY--TOPICAL TERM | |
| Topical term or geographic name as entry element | Tawheed |
| 942 ## - ADDED ENTRY ELEMENTS (KOHA) | |
| Source of classification or shelving scheme | |
| Koha item type | Africana (Books) |
| Classification part | AFR BP 166.2 .P47 1990 |
| Withdrawn status | Lost status | Source of classification or shelving scheme | Damaged status | Not for loan | Home library | Current library | Date acquired | Source of acquisition | Total Checkouts | Full call number | Barcode | Date last seen | Price effective from | Koha item type |
|---|---|---|---|---|---|---|---|---|---|---|---|---|---|---|
| MACHAKOS UNIVERSITY LIBRARY | MACHAKOS UNIVERSITY LIBRARY | 02/02/2016 | Donation | AFR BP 166.2 .P47 1990 | 20507 | 02/02/2016 | 02/02/2016 | Africana (Books) |